00767nam a22002417a 4500003000500000005001700005008004100022010001100063011001100074035001100085040000900096082001400105100002900119245012000148260004900268300003800317650001800355650004900373650003100422650001200453700002800465700003200493CHAP20220329143741.0110602s1977 mx a r 00010 spa d a101387 a102359 a113047 cCHAP04a624bAg9300aAguilar Alcerreca, Jose.10aIngeniería de rios y costasc/por José H. Aguilar Alcerreca, José A. Boyer Orozco y Roberto Sempere Ramírez aMéxico, D.F. :bArte y Fotografía,c1977 a505 p. :bilus., gráfs., tablas14aHidrología.14aIngeniería civilxColecciones de escritos.14aIngeniería hidráulica.14aRíos.1 aBoyer Orozco, José A.1 aSempere Ramírez, Roberto.